<?xml version="1.0" encoding="UTF-8"?>
<record
    xmlns:xsi="http://www.w3.org/2001/XMLSchema-instance"
    xsi:schemaLocation="http://www.loc.gov/MARC21/slim http://www.loc.gov/standards/marcxml/schema/MARC21slim.xsd"
    xmlns="http://www.loc.gov/MARC21/slim">

  <leader>01505nam a2200277 a 4500</leader>
  <controlfield tag="001">00003880</controlfield>
  <controlfield tag="003">DO-SdBNP</controlfield>
  <controlfield tag="005">20180312082810.0</controlfield>
  <controlfield tag="007">00003880</controlfield>
  <controlfield tag="008">091118s2002    dr ac         000 0 spa d</controlfield>
  <datafield tag="020" ind1=" " ind2=" ">
    <subfield code="a">999348735X </subfield>
  </datafield>
  <datafield tag="040" ind1=" " ind2=" ">
    <subfield code="a">BNPHU</subfield>
    <subfield code="b">spa</subfield>
    <subfield code="c">BNPHU</subfield>
  </datafield>
  <datafield tag="092" ind1=" " ind2=" ">
    <subfield code="a">xxxxx</subfield>
    <subfield code="b">A634L</subfield>
  </datafield>
  <datafield tag="245" ind1="0" ind2="0">
    <subfield code="a">Antolog&#xED;a literaria 4 : </subfield>
    <subfield code="b">educaci&#xF3;n media /</subfield>
    <subfield code="c">selecci&#xF3;n Manuel Garc&#xED;a Cartagena ; ilustraci&#xF3;n Ruddy N&#xFA;&#xF1;ez.</subfield>
  </datafield>
  <datafield tag="260" ind1=" " ind2=" ">
    <subfield code="a">Santo Domingo :</subfield>
    <subfield code="b">Santillana,</subfield>
    <subfield code="c">2002.</subfield>
  </datafield>
  <datafield tag="300" ind1=" " ind2=" ">
    <subfield code="a">151 p. :</subfield>
    <subfield code="b">il., retrs. ; </subfield>
    <subfield code="c">28 cm. </subfield>
  </datafield>
  <datafield tag="490" ind1="1" ind2=" ">
    <subfield code="a">Umbral </subfield>
  </datafield>
  <datafield tag="500" ind1=" " ind2=" ">
    <subfield code="a">Literatura dominicana (siglo XX) conectada con literatura hispanoamericana (siglo XX).
</subfield>
  </datafield>
  <datafield tag="505" ind1="0" ind2=" ">
    <subfield code="g">2do curso/ Segundo ciclo</subfield>
    <subfield code="g">Unidad 1</subfield>
    <subfield code="t">Primeros proyectos po&#xE9;ticos dominicanos --</subfield>
    <subfield code="g">Unidad 2</subfield>
    <subfield code="t">Letras dominicanas de los a&#xF1;os 1940 --</subfield>
    <subfield code="g">Unidad 3</subfield>
    <subfield code="t">Letras en son de guerra --</subfield>
    <subfield code="g">Unidad 4</subfield>
    <subfield code="t">Con  letra de mujer --</subfield>
    <subfield code="g">Unidad 5</subfield>
    <subfield code="t">Poes&#xED;a de la crisis, crisis de la poes&#xED;a --</subfield>
    <subfield code="g">Unidad 6</subfield>
    <subfield code="t">Los nuevos prosistas --</subfield>
    <subfield code="g">Unidad 7</subfield>
    <subfield code="t">Poetas vanguardistas hispanoamericanos --</subfield>
    <subfield code="g">Unidad 8</subfield>
    <subfield code="t">Narrativa postmodernista hispanoamericana --</subfield>
    <subfield code="g">Unidad 9</subfield>
    <subfield code="t">Hispanoam&#xE9;ricana: medio siglo de poetas --</subfield>
    <subfield code="g">Unidad 10</subfield>
    <subfield code="t">El boom de la novela hispanoamericana --</subfield>
    <subfield code="g">Unidad 11</subfield>
    <subfield code="t">Escritoras hispanoamericanas --</subfield>
    <subfield code="g">Unidad 12</subfield>
    <subfield code="t">Hispanoam&#xE9;rica: &#xBF;qu&#xE9; se cuenta hoy?</subfield>
  </datafield>
  <datafield tag="700" ind1="1" ind2=" ">
    <subfield code="a">Garc&#xED;a Cartagena, Manuel,</subfield>
  </datafield>
  <datafield tag="700" ind1="1" ind2="2">
    <subfield code="a">N&#xFA;&#xF1;ez, Ruddy ,</subfield>
    <subfield code="e">il. </subfield>
  </datafield>
  <datafield tag="830" ind1=" " ind2="0">
    <subfield code="a">Umbral</subfield>
  </datafield>
  <datafield tag="942" ind1=" " ind2=" ">
    <subfield code="2">ddc</subfield>
    <subfield code="c">BK</subfield>
  </datafield>
  <datafield tag="945" ind1=" " ind2=" ">
    <subfield code="a">Remanejado para la BNPHU /  2018 VM</subfield>
  </datafield>
  <datafield tag="952" ind1=" " ind2=" ">
    <subfield code="0">0</subfield>
    <subfield code="1">0</subfield>
    <subfield code="2">ddc</subfield>
    <subfield code="4">0</subfield>
    <subfield code="7">0</subfield>
    <subfield code="8">CE</subfield>
    <subfield code="a">BPMET</subfield>
    <subfield code="b">BPMET</subfield>
    <subfield code="d">2016-04-21</subfield>
    <subfield code="e">Donaci&#xF3;n</subfield>
    <subfield code="l">0</subfield>
    <subfield code="p">BPMSU16040616</subfield>
    <subfield code="r">2016-04-21</subfield>
    <subfield code="t">v. 1</subfield>
    <subfield code="w">2016-04-21</subfield>
    <subfield code="y">BK</subfield>
  </datafield>
  <datafield tag="952" ind1=" " ind2=" ">
    <subfield code="0">0</subfield>
    <subfield code="1">0</subfield>
    <subfield code="2">ddc</subfield>
    <subfield code="4">0</subfield>
    <subfield code="7">0</subfield>
    <subfield code="8">CE</subfield>
    <subfield code="a">BPMET</subfield>
    <subfield code="b">BPMET</subfield>
    <subfield code="d">2016-04-21</subfield>
    <subfield code="e">Donaci&#xF3;n</subfield>
    <subfield code="l">0</subfield>
    <subfield code="p">BPMSU16040617</subfield>
    <subfield code="r">2016-04-21</subfield>
    <subfield code="t">v. 1, e. 2</subfield>
    <subfield code="w">2016-04-21</subfield>
    <subfield code="y">BK</subfield>
  </datafield>
  <datafield tag="956" ind1=" " ind2=" ">
    <subfield code="a">LOPEREZ</subfield>
    <subfield code="b">10</subfield>
    <subfield code="c">20160421</subfield>
    <subfield code="l">BPMSU</subfield>
    <subfield code="h">00041</subfield>
  </datafield>
  <datafield tag="999" ind1=" " ind2=" ">
    <subfield code="c">9881</subfield>
    <subfield code="d">9881</subfield>
  </datafield>
</record>
